000 01423nam a2200385 i 4500
001 000028640
003 DO-SdBNP
005 20240628111452.0
007 ta
008 110411s2010 dr ad 001 0 spa d
020 _a9789945003772
040 _aDO-SdBNP
_bspa
_cBNPHU
_erda
082 4 _a617.632
_bG216ma
_222
100 1 _aGarcía-Godoy, Federico M.,
_978352
_eautor
_d1949-
245 1 0 _aManual de traumatismos óseo-perio-dentales /
_cFederico M. García-Godoy.
264 _aSanto Domingo :
_bAsociación Iberoamericana de Odontología Familiar,
_c2010.
300 _a87 páginas :
_bilustraciones, gráficos ;
_c21 cm.
336 _2rdacontent
_atexto
_btxt
337 _2rdamedia
_asin mediación
_bn
338 _2rdacarrier
_avolumen
_bnc
490 0 _aAIBOFA ;
_v3
490 1 _a
500 _aIncluye referencias bibliográficas y notas al final de los capítulos.
504 _aBibliografía: pág. 86
590 _aInventariado, 2018/DG
650 4 _aOdontopatías
_955595
650 4 _aTerapéutica dental
_955596
650 4 _aEnfermedades periodontales
_938413
650 4 _aTraumatismos de los dientes
_955597
650 4 _aPeriodoncia
_xRearamientos
_955598
710 2 _aAsociación Iberoamericana de Odontología Familiar
_955599
710 2 _aEscuela Iberoamericana de Graduados de Odontología DENTARIUMRD
_955600
910 _aValidado. Control de la calidad EMS.
942 _2ddc
_cLBS1
999 _c28132
_d28132